000 00716nam a2200217 i 4500
001 115177
003 ES-MaACL
005 20251111063349.0
007 t|
008 070223s1908 sp ||||1| spa d
080 _a821.134.2-32"18"
100 1 _aPérez Zúñiga, Juan,
_d1860-1938
_991232
245 1 3 _aEl cocodrilo azul
_b: (cuento bufo). novela /
_cde Juan Pérez Zúñiga ; ilustraciones de Zúñiguita.
260 _aMadrid :
_bEl Cuento Semanal,
_c1908.
300 _a20 p. :
_bil. ;
_c26 cm.
490 1 _aEl cuento semanal ;
_v104
700 0 _aZuñiguita
_c, ilustrador.
_9118520
830 0 3 _aEl cuento semanal
_v104
_9185957
852 _aES-MaACL
_jG-4442(26)
999 _c115177
_d115177